01585nam a2200373 a 4500001001000000003000500010005001700015008004100032010001100073011001100084040000900095090001000104100003500114245017000149260004100319500006000360502008800420590004100508590004100549590004000590590004000630590004000670650007900710650004600789650003800835650005200873700004300925856007000968901000701038942001001045942000601055999001901061952013101080000115523CHAP20220329144538.0190531s2018 mx a |sm |||||||spa d a111984 a112956 cCHAP aTesis1 aLicona García, Juan.913583210aDiseño y construcción de un sistema fotovoltaico autónomo para luminarias de emergenciah[En línea]cpor Juan Licona García y Esperanza Vázquez García. aChapingo, Méx. :bEl autor,c2018. aPara ver el contenido del material haga clic en la liga aTesis (Ing. Mecánico Agrícola) -- UACH. Departamento de Ingeniería Agrícola aBATCH-UPDb05c20190531lUCH01h1539 aBATCH-UPDb05c20190531lUCH01h1542 aE6339RRRb05c20190531lUCH01h1539 aE6339RRRb05c20190531lUCH01h1539 aE6339RRRb05c20190531lUCH01h154114aConvertidores de corriente eléctricaxDiseño y construcción.912890614aEnergía solarxAprovechamiento.913228814aEnergía solarxConsumo.913181814aGeneración de energía fotovoltaica.91252201 aVázquez García, Esperanza.9135833 aFinding aiduhttp://10.13.5.2/tesis/sist115523.pdfzTeclea aquí aBK cTESIS n0 c111984d111984 00104054718TESISaBCbBCd2019-05-31fTESISl0oTesisp115534-10r2019-12-31 00:00:00w2019-12-31yTESISzRecien adquirido